| 000 | 00806cam a22002657a 4500 | ||
|---|---|---|---|
| 003 | CHAP | ||
| 005 | 20220329141350.0 | ||
| 008 | 971013s r 00010 d | ||
| 010 | _a67094 | ||
| 011 | _a68066 | ||
| 035 | _a77538 | ||
| 040 | _cCHAP | ||
| 090 | _aR-2959 | ||
| 100 | 0 | 0 |
_aBarrera, Alfredo. _910425 |
| 245 | 1 | 3 | _aLa etnobotánica |
| 500 | _aSobretiro de: Simposio de Etnobotánia (1: 1976: México, D. F.) Memoria -- México : INAH, 1976 PP. 19-25 | ||
| 590 |
_aBATCH-UPD _b10 _c20130110 _lUCH01 _h1005 |
||
| 590 |
_aBATCH-UPD _b10 _c20130410 _lUCH01 _h0615 |
||
| 590 |
_aBATCH-UPD _b10 _c20130914 _lUCH01 _h0540 |
||
| 590 |
_aCONVERSION _b10 _c20130109 _lUCH01 _h1337 |
||
| 650 | 1 | 4 |
_aEtnobotánica. _938611 |
| 901 | _aBK | ||
| 942 | _cREIMP | ||
| 949 |
_aR-2959 _bBC _cR _d-30408 _eTS1 _i77538 _si |
||
| 999 |
_c67094 _d67094 |
||